[Event "GER-ch Net blitz qual4"]
[White "Schaper, Jan Erik"]
[Black "Di Capua, Francesco Stefano"]
[Site "Playchess.com INT"]
[Round "11"]
[Result "0-1"]
[Date "2021.05.10"]
[WhiteElo "1631"]
[BlackElo "2034"]
[PlyCount "36"]
[EventDate "2021.05.10"]
[EventType "swiss (blitz)"]
[EventRounds "11"]
[EventCountry "GER"]
[SourceTitle "CBM 202 Extra"]
[Source "ChessBase"]
[SourceDate "2021.07.31"]
[SourceVersion "1"]
[SourceVersionDate "2021.07.31"]
[SourceQuality "1"]

1. d4 c5 2. e3 cxd4 3. exd4 Nc6 4. Bf4 g6 5. Nc3 Bg7 6. Nf3 d6 7. Qd2 Bg4 8. d5 Bxf3 9. gxf3 Nd4 10. Bg2 Qa5 11. 0-0-0 Rc8 12. Rhe1 h5 13. Bxd6 Rxc3 14. bxc3 Qxa2 15. Qd3 Bh6+ 16. f4 Nf5 17. Bb4 Bxf4+ 18. Rd2 Qa1# 0-1

[Event "GER-ch Net blitz qual4"]
[White "Tiarks, Jann Christian"]
[Black "Schaper, Jan Erik"]
[Site "Playchess.com INT"]
[Round "1"]
[Result "1-0"]
[Date "2021.05.10"]
[WhiteElo "1988"]
[BlackElo "1631"]
[PlyCount "91"]
[EventDate "2021.05.10"]
[EventType "swiss (blitz)"]
[EventRounds "11"]
[EventCountry "GER"]
[SourceTitle "CBM 202 Extra"]
[Source "ChessBase"]
[SourceDate "2021.07.31"]
[SourceVersion "1"]
[SourceVersionDate "2021.07.31"]
[SourceQuality "1"]

1. e4 d6 2. d4 g6 3. Nc3 Bg7 4. Nf3 Nd7 5. Be3 c6 6. a4 Qc7 7. Bc4 Ngf6 8. 0-0 0-0 9. h3 e5 10. Re1 Re8 11. Qd2 exd4 12. Bxd4 Ne5 13. Nxe5 dxe5 14. Be3 Bd7 15. Rad1 Rad8 16. Qe2 Bc8 17. Bg5 Rxd1 18. Rxd1 Rd8 19. Qf3 Rxd1+ 20. Qxd1 Qd7 21. Qf3 Ne8 22. a5 Nd6 23. Bb3 h6 24. Be3 a6 25. Qg3 Kh7 26. Qf3 f5 27. Bc5 f4 28. Qd3 Nb5 29. Nxb5 axb5 30. Kf1 Qxd3+ 31. cxd3 Bf6 32. Ke2 Bd8 33. Bd6 Bf6 34. Kd2 Kg7 35. Kc3 h5 36. Kb4 g5 37. f3 g4 38. hxg4 hxg4 39. Kc5 gxf3 40. gxf3 Kg6 41. Kb6 Bd8+ 42. Bc7 Bxc7+ 43. Kxc7 Bh3 44. Kxb7 Bg2 45. Bd1 Bxf3 46. Bxf3 1-0

[Event "GER-ch Net blitz qual3"]
[White "Kolb, Tobias"]
[Black "Schaper, Jan Erik"]
[Site "Playchess.com INT"]
[Round "1"]
[Result "1-0"]
[Date "2021.05.07"]
[WhiteElo "2022"]
[BlackElo "1694"]
[PlyCount "71"]
[EventDate "2021.05.07"]
[EventType "swiss (blitz)"]
[EventRounds "11"]
[EventCountry "GER"]
[SourceTitle "CBM 202 Extra"]
[Source "ChessBase"]
[SourceDate "2021.07.31"]
[SourceVersion "1"]
[SourceVersionDate "2021.07.31"]
[SourceQuality "1"]

1. d4 c6 2. c4 d5 3. cxd5 cxd5 4. Nc3 Nf6 5. Bf4 Nc6 6. e3 g6 7. Bd3 Bg7 8. Nf3 0-0 9. h3 Qb6 10. Qe2 Nb4 11. Bb1 Qa6 12. Qxa6 Nxa6 13. 0-0 Bd7 14. Ne5 Be6 15. a3 Nd7 16. Nxd7 Bxd7 17. Nxd5 Rfe8 18. Bd3 Be6 19. Nc3 Rac8 20. Rfc1 Nc7 21. Nb5 Nxb5 22. Bxb5 Rxc1+ 23. Rxc1 Rc8 24. Rxc8+ Bxc8 25. Kf1 f6 26. Bc4+ Kf8 27. Bb8 a6 28. Ke2 Ke8 29. Kd3 Kd7 30. e4 e5 31. dxe5 fxe5 32. Bd5 b5 33. h4 Ke7 34. Ba7 Kd7 35. Be3 Kd6 36. Bg8 1-0

[Event "GER-ch Net blitz qual1"]
[White "Foerster, Erik"]
[Black "Schaper, Jan Erik"]
[Site "Playchess.com INT"]
[Round "1"]
[Result "1-0"]
[Date "2021.04.24"]
[WhiteElo "2304"]
[BlackElo "1709"]
[PlyCount "77"]
[EventDate "2021.04.24"]
[EventType "swiss (blitz)"]
[EventRounds "11"]
[EventCountry "GER"]
[SourceTitle "CBM 202 Extra"]
[Source "ChessBase"]
[SourceDate "2021.07.31"]
[SourceVersion "1"]
[SourceVersionDate "2021.07.31"]
[SourceQuality "1"]

1. Nf3 g6 2. g3 Bg7 3. Bg2 d6 4. 0-0 c6 5. c4 Nf6 6. d3 Nbd7 7. Nbd2 0-0 8. Rb1 a6 9. b4 a5 10. b5 e5 11. a4 c5 12. Ne4 Nxe4 13. dxe4 Nb6 14. Qb3 Be6 15. Nd2 f5 16. exf5 Bxf5 17. Bxb7 Rb8 18. Be4 Be6 19. Bd5 Nxd5 20. cxd5 Bf5 21. e4 Bh3 22. Re1 Qf6 23. Qe3 Bh6 24. Qe2 Rf7 25. Nc4 Bg7 26. b6 Qd8 27. Rb5 Rfb7 28. Be3 Qd7 29. Reb1 Bg4 30. Qc2 Bf3 31. Nd2 Bg4 32. f3 Bh3 33. Nc4 Qf7 34. Qe2 Rf8 35. Nxa5 Rbb8 36. Nc6 Rb7 37. a5 Bd7 38. a6 Rbb8 39. Nxb8 1-0

[Event "GER Cup Net Final-B U2000"]
[White "Hehn, Hartmut"]
[Black "Schaper, Jan Erik"]
[Site "Playchess.com INT"]
[Round "3"]
[Result "1-0"]
[Date "2020.06.06"]
[WhiteElo "1824"]
[BlackElo "1747"]
[PlyCount "87"]
[EventDate "2020.06.06"]
[EventType "swiss (blitz)"]
[EventRounds "13"]
[EventCountry "GER"]
[SourceTitle "CBM 197 Extra"]
[Source "ChessBase"]
[SourceDate "2020.09.30"]
[SourceVersion "1"]
[SourceVersionDate "2020.09.30"]
[SourceQuality "1"]

1. e4 d6 2. Nf3 Nf6 3. Nc3 g6 4. d4 c6 5. Be2 Bg7 6. 0-0 0-0 7. Bg5 Qc7 8. Qd2 Re8 9. Bh6 Bh8 10. h3 e5 11. dxe5 dxe5 12. Rfd1 Nbd7 13. a4 Nc5 14. Qe3 Ne6 15. Bc4 Qb6 16. Qxb6 axb6 17. b3 Nc5 18. Nd2 Be6 19. f3 Bxc4 20. Nxc4 Ncd7 21. Nd6 Reb8 22. Be3 Ra6 23. Kf2 Bg7 24. Ne2 Bf8 25. Nc4 Rba8 26. Rab1 Be7 27. g4 Kf8 28. Kg3 Ke8 29. Nd6+ Bxd6 30. Rxd6 Ke7 31. Rbd1 Nd5 32. Rxd7+ Kxd7 33. exd5 cxd5 34. Rxd5+ Ke7 35. c4 f6 36. Rb5 Rd8 37. Nc3 Rd3 38. Nd5+ Kf7 39. Bxb6 Ra8 40. Bc5 e4 41. Rxb7+ Kg8 42. Nxf6+ Kh8 43. Nxe4 Rxf3+ 44. Kxf3 1-0

[Event "GER Cup Net V2 U2000"]
[White "Schaper, Jan Erik"]
[Black "Schliedermann, Mario"]
[Site "Playchess.com INT"]
[Round "4"]
[Result "1-0"]
[Date "2020.05.22"]
[WhiteElo "1713"]
[BlackElo "1571"]
[PlyCount "43"]
[EventDate "2020.05.22"]
[EventType "swiss (blitz)"]
[EventRounds "9"]
[EventCountry "GER"]
[SourceTitle "EXT 2021"]
[Source "ChessBase"]
[SourceDate "2020.10.23"]
[SourceVersion "1"]
[SourceVersionDate "2020.10.23"]
[SourceQuality "1"]

1. d4 d6 2. Bf4 g6 3. Nc3 Bg7 4. Qd2 Nd7 5. Nf3 e5 6. dxe5 dxe5 7. Bg5 Ne7 8. 0-0-0 c6 9. Ne4 0-0 10. Nc5 f6 11. Bh4 Nf5 12. Nxd7 Bh6 13. e3 Nxh4 14. Nxh4 f5 15. Bc4+ Kg7 16. Nxf8 Qxh4 17. Ne6+ Kf6 18. Nc7 Qxc4 19. Qd8+ Kg7 20. Ne8+ Kf7 21. Nd6+ Kg7 22. Nxc4 1-0

[Event "GER-ch Net Amateur Gr-B Final"]
[White "Hoppe, Frank"]
[Black "Schaper, Jan Erik"]
[Site "Playchess.com INT"]
[Round "8"]
[Result "1-0"]
[Date "2020.04.18"]
[WhiteElo "1780"]
[BlackElo "1703"]
[PlyCount "95"]
[EventDate "2020.04.18"]
[EventType "swiss (blitz)"]
[EventRounds "13"]
[EventCountry "GER"]
[SourceTitle "CBM 195 Extra"]
[Source "ChessBase"]
[SourceDate "2020.05.31"]
[SourceVersion "1"]
[SourceVersionDate "2020.05.31"]
[SourceQuality "1"]

1. e4 d6 2. d4 Nf6 3. Nc3 c6 4. f3 g6 5. Be3 Bg7 6. Qd2 b5 7. 0-0-0 Qa5 8. Kb1 Nbd7 9. h4 h5 10. Nh3 b4 11. Ne2 Rb8 12. Nc1 Qc7 13. Be2 a5 14. Rdg1 c5 15. dxc5 Nxc5 16. Bxc5 Qxc5 17. Nb3 Qc7 18. Ng5 a4 19. Nd4 Nd7 20. g4 Qc5 21. Rd1 a3 22. b3 Ne5 23. gxh5 Rxh5 24. f4 Nc6 25. Nxc6 Qxc6 26. Bxh5 gxh5 27. e5 Bf5 28. Rh2 Rd8 29. Qxb4 Rc8 30. Rc1 dxe5 31. fxe5 Bxe5 32. Re2 Bf6 33. Qxa3 Qc3 34. Rxe7+ Bxe7 35. Qb2 Qb4 36. Qh8+ Kd7 37. Rd1+ Kc7 38. Qe5+ Bd6 39. Rxd6 Qxd6 40. Qxf5 Qd1+ 41. Kb2 Qd4+ 42. c3 Qd2+ 43. Qc2 Qxc2+ 44. Kxc2 f5 45. Ne6+ Kd7 46. Nf4 Re8 47. Nxh5 Re4 48. Nf6+ 1-0

[Event "GER-ch Net Amateur Gr-B Final"]
[White "Kettner Nikolaus, Frank"]
[Black "Schaper, Jan Erik"]
[Site "Playchess.com INT"]
[Round "3"]
[Result "1-0"]
[Date "2020.04.18"]
[WhiteElo "1735"]
[BlackElo "1703"]
[PlyCount "33"]
[EventDate "2020.04.18"]
[EventType "swiss (blitz)"]
[EventRounds "13"]
[EventCountry "GER"]
[SourceTitle "CBM 195 Extra"]
[Source "ChessBase"]
[SourceDate "2020.05.31"]
[SourceVersion "1"]
[SourceVersionDate "2020.05.31"]
[SourceQuality "1"]

1. f4 d6 2. Nf3 Nf6 3. b3 g6 4. Bb2 Bg7 5. e3 Nbd7 6. g3 c6 7. Bg2 b5 8. 0-0 0-0 9. d3 Bb7 10. Qe1 Re8 11. Nbd2 Nd5 12. Bxg7 Kxg7 13. c4 bxc4 14. bxc4 Nb4 15. Rb1 Qa5 16. Nb3 Qc7 17. Qxb4 1-0

[Event "GER-ch Net Amateur Gr-B Final"]
[White "Schaper, Jan Erik"]
[Black "Zhou, Lepu Coco"]
[Site "Playchess.com INT"]
[Round "9"]
[Result "1-0"]
[Date "2020.04.18"]
[WhiteElo "1703"]
[BlackElo "1736"]
[PlyCount "113"]
[EventDate "2020.04.18"]
[EventType "swiss (blitz)"]
[EventRounds "13"]
[EventCountry "GER"]
[SourceTitle "CBM 195 Extra"]
[Source "ChessBase"]
[SourceDate "2020.05.31"]
[SourceVersion "1"]
[SourceVersionDate "2020.05.31"]
[SourceQuality "1"]

1. d4 Nf6 2. Bf4 g6 3. Nc3 Bg7 4. Qd2 0-0 5. Bh6 d6 6. e4 Nc6 7. Nf3 e5 8. d5 Ne7 9. Bxg7 Kxg7 10. h4 Nh5 11. 0-0-0 Bg4 12. Be2 Nf4 13. Rh2 Ng8 14. Ng1 Nh6 15. f3 Bd7 16. g4 g5 17. hxg5 Qxg5 18. Nh3 Qh4 19. Rdh1 Nxe2+ 20. Nxe2 Qe7 21. Nf2 Rh8 22. Qxh6+ Kg8 23. Rh5 f6 24. g5 Qg7 25. Qxg7+ Kxg7 26. gxf6+ Kxf6 27. Rxh7 Rxh7 28. Rxh7 Be8 29. Rh8 Kg7 30. Rh2 Bg6 31. Rg2 Rh8 32. Kd2 Kf6 33. Ng4+ Ke7 34. Nxe5 dxe5 35. Rxg6 Kf7 36. Re6 Rh5 37. Ke3 c6 38. Rd6 Ke7 39. Re6+ Kd7 40. Rg6 cxd5 41. exd5 Rh2 42. Re6 Rh1 43. Rxe5 Kd6 44. Rg5 Ra1 45. a3 Rb1 46. Nc3 Rxb2 47. Rg6+ Kd7 48. Kd3 a5 49. Rg1 b5 50. Rb1 Rxb1 51. Nxb1 Kd6 52. Kd4 b4 53. axb4 axb4 54. Nd2 Kd7 55. Nb3 Kd6 56. f4 Ke7 57. Kc5 1-0

[Event "GER-ch Net Amateur Gr-B Vor3"]
[White "Viol, Julius"]
[Black "Schaper, Jan Erik"]
[Site "Playchess.com INT"]
[Round "3"]
[Result "0-1"]
[Date "2020.04.16"]
[WhiteElo "1567"]
[BlackElo "1696"]
[PlyCount "132"]
[EventDate "2020.04.16"]
[EventType "swiss (blitz)"]
[EventRounds "9"]
[EventCountry "GER"]
[SourceTitle "CBM 195 Extra"]
[Source "ChessBase"]
[SourceDate "2020.05.31"]
[SourceVersion "1"]
[SourceVersionDate "2020.05.31"]
[SourceQuality "1"]

1. d4 c6 2. c4 d5 3. cxd5 cxd5 4. Nc3 Nf6 5. Nf3 Nc6 6. Bf4 e6 7. e3 Bb4 8. Bd3 Qa5 9. Qc2 0-0 10. 0-0 Bd7 11. a3 Be7 12. b4 Qd8 13. Nb5 a6 14. Bc7 Qc8 15. Bd6 axb5 16. Bxe7 Nxe7 17. Qe2 Ra7 18. Ne5 Qa8 19. Nxd7 Nxd7 20. Bxb5 Nf6 21. a4 Rc8 22. Rfc1 Ne4 23. Qd3 Nd6 24. Bd7 Rxc1+ 25. Rxc1 Nc4 26. Bb5 Nb2 27. Qb3 Nxa4 28. Ra1 Nb6 29. Rc1 Ra1 30. Qb2 Rxc1+ 31. Qxc1 Qc8 32. Qd2 Nc4 33. Qd3 g6 34. h3 Qc7 35. g3 Kg7 36. Qc3 Qb6 37. Bxc4 Qc6 38. e4 Qxc4 39. Qxc4 dxc4 40. Kf1 b5 41. Ke1 Nc6 42. d5 exd5 43. exd5 Nxb4 44. d6 Kf8 45. d7 Ke7 46. Kd2 Kxd7 47. Kc3 Nc6 48. f4 Kd6 49. g4 f5 50. g5 Kc5 51. h4 b4+ 52. Kb2 Kd4 53. Kc2 b3+ 54. Kb2 Na5 55. h5 c3+ 56. Kc1 Kd3 57. hxg6 hxg6 58. Kb1 b2 59. Ka2 Kc2 60. Ka3 Nc4+ 61. Ka4 Ne3 62. Ka3 b1Q 63. Ka4 Kd2 64. Ka3 c2 65. Ka4 c1Q 66. Ka5 Qa3# 0-1

[Event "GER-ch Net Amateur Gr-B Vor2"]
[White "Brunauer, Simon"]
[Black "Schaper, Jan Erik"]
[Site "Playchess.com INT"]
[Round "3"]
[Result "0-1"]
[Date "2020.04.15"]
[WhiteElo "1473"]
[BlackElo "1704"]
[PlyCount "71"]
[EventDate "2020.04.15"]
[EventType "swiss (blitz)"]
[EventRounds "9"]
[EventCountry "GER"]
[SourceTitle "CBM 196 Extra"]
[Source "ChessBase"]
[SourceDate "2020.07.31"]
[SourceVersion "1"]
[SourceVersionDate "2020.07.31"]
[SourceQuality "1"]

1. c4 c6 2. d4 d5 3. cxd5 cxd5 4. Nc3 Nf6 5. Bf4 Nc6 6. e3 e6 7. Nf3 Bb4 8. Bb5 Bd7 9. 0-0 0-0 10. a3 Ba5 11. b4 Bc7 12. Bxc7 Qxc7 13. Bxc6 Bxc6 14. Ne5 Nd7 15. Nxc6 Qxc6 16. Rc1 Qa6 17. Qa4 Nb6 18. Qxa6 bxa6 19. b5 axb5 20. Nxb5 Nc4 21. a4 a6 22. Nc3 Rab8 23. Rb1 Rbc8 24. Rfc1 Rc7 25. Rb4 Rfc8 26. Re1 Kf8 27. e4 Nd2 28. exd5 Rxc3 29. h3 exd5 30. Rb6 R3c6 31. Rb7 Ne4 32. f3 Ng5 33. h4 Ne6 34. f4 Rc1 35. Rxc1 Rxc1+ 36. Kh2 0-1